Diseño Geométrico a partir de una base de datos de puntos cogo del tramo, empalme el Gigante- El Murciélago, departamento de Rivas, aplicando el software civil 3D en el año 2016
Presenta la creación de un archivo del proyecto del tramo en estudio, así como como el diseño del alineamiento horizontal y vertical, se definen los parámetros de diseño y se generan las vistas de las secciones transversales de todo el alineamiento.
| Main Authors: | , |
|---|---|
| Other Authors: | |
| Format: | Tesis Section = Libro |
| Language: | Undetermined Spanish |
| Published: |
Managua
UNI
2017
|
| Subjects: |
| LEADER | 01211nam a2200265Ia 4500 | ||
|---|---|---|---|
| 008 | 240830s9999 xx 000 0 und d | ||
| 040 | |a BIBLIOTECA-RUPAP Mon 625.725 C397 | ||
| 041 | |a spa | ||
| 082 | |a Mon 625.725 C397 | ||
| 100 | 1 | |a Centeno Almendares, Marcela del Socorro | |
| 100 | 1 | |b Treminio Delgadillo, Ariel Antonio | |
| 245 | 1 | 0 | |a Diseño Geométrico a partir de una base de datos de puntos cogo del tramo, empalme el Gigante- El Murciélago, departamento de Rivas, aplicando el software civil 3D en el año 2016 |
| 260 | |a Managua |b UNI |c 2017 | ||
| 300 | |a 280 p. :il. | ||
| 500 | |a Cotiene anexos y CD | ||
| 502 | |a Tesis (Ingeniero Civil)- UNI, 2017. | ||
| 520 | 3 | |a Presenta la creación de un archivo del proyecto del tramo en estudio, así como como el diseño del alineamiento horizontal y vertical, se definen los parámetros de diseño y se generan las vistas de las secciones transversales de todo el alineamiento. | |
| 650 | 7 | |a CONSTRUCCION DE CARRETERAS | |
| 650 | 7 | |b INGENIERIA DE CARRETERAS - RIVAS | |
| 650 | 7 | |c DIBUJO GEOMETRICO | |
| 650 | 7 | |d CARRETERAS - DISEÑO Y PLANOS | |
| 700 | 1 | |a Tutor: |b Zamora Lacayo, Aldo José | |
| 942 | |c BK |2 ddc | ||
| 991 | |a TESIS | ||
| 999 | |c 16002 | ||